The illusion of life : (Record no. 83081)

MARC details
000 -LEADER
fixed length control field 00801nam a2200265 i 4500
001 - CONTROL NUMBER
control field C2-0275398
003 - CONTROL NUMBER IDENTIFIER
control field PPAK
005 - DATE AND TIME OF LATEST TRANSACTION
control field 20180728004216.0
008 - FIXED-LENGTH DATA ELEMENTS--GENERAL INFORMATION
fixed length control field 061017s1995 nyua|||| ||||| | eng d
020 ## - INTERNATIONAL STANDARD BOOK NUMBER
International Standard Book Number 0786860707
040 ## - CATALOGING SOURCE
Original cataloging agency PPAK
Language of cataloging eng
Transcribing agency PPAK
Description conventions rda
082 04 - DEWEY DECIMAL CLASSIFICATION NUMBER
Classification number 741.580979494
Edition number 23
090 00 - LOCALLY ASSIGNED LC-TYPE CALL NUMBER (OCLC); LOCAL CALL NUMBER (RLIN)
Classification number (OCLC) (R) ; Classification number, CALL (RLIN) (NR) 741.580979494
Feature heading THO
Feature heading RLCK
100 1# - MAIN ENTRY--PERSONAL NAME
Personal name Thomas, Frank,
Relator term author
245 14 - TITLE STATEMENT
Title The illusion of life :
Remainder of title Disney animation
250 ## - EDITION STATEMENT
Edition statement 1st Hyperion ed.
264 #1 - PRODUCTION, PUBLICATION, DISTRIBUTION, MANUFACTURE, AND COPYRIGHT NOTICE
Place of production, publication, distribution, manufacture New York :
Name of producer, publisher, distributor, manufacturer Hyperion ,
Date of production, publication, distribution, manufacture, or copyright notice [1995]
300 ## - PHYSICAL DESCRIPTION
Extent 575 pages :
Other physical details colour illustrations ;
Dimensions 29 cm
336 ## - CONTENT TYPE
Source rdacontent
Content type term text
337 ## - MEDIA TYPE
Source rdamedia
Media type term unmediated
338 ## - CARRIER TYPE
Source rdacarrier
Carrier type term volume
650 10 - SUBJECT ADDED ENTRY--TOPICAL TERM
Topical term or geographic name entry element Walt Disney Production ; Animated film - United State - History and criticism
700 ## - ADDED ENTRY--PERSONAL NAME
Relator term author
942 ## - ADDED ENTRY ELEMENTS (KOHA)
-- dc
Koha item type Book
Holdings
Withdrawn Not for loan Current library Shelving location Date acquired Full call number Barcode Date last seen Koha item type
  Not For Loan Perpustakaan Alor Setar Rujukan American Corner 17/10/2006 RLCK 741.580979494 THO A00810550 09/05/2018 Book